|
|
|
|
| LEADER |
00801nam#a2200277#a#4500 |
| 001 |
002150 |
| 003 |
AR-BeUNQ |
| 005 |
20190712093933.0 |
| 008 |
960604s1991####ag##################spa#d |
| 999 |
|
|
|c 4951
|d 80338
|
| 020 |
|
|
|a 9505562845
|
| 040 |
|
|
|a AR-BeUNQ
|e aacr
|
| 099 |
|
|
|a 01-F9
|
| 100 |
1 |
|
|a Felcman, Isidoro
|
| 245 |
0 |
2 |
|a Reforma del Estado :
|b propiedad pública, gestión privada y descentralización de servicios
|c Isidoro Felcman.
|
| 250 |
|
|
|a 2a. ed.
|
| 260 |
|
|
|a Buenos Aires :
|b Galerna,
|c 1991
|
| 300 |
|
|
|a 189 p. :
|b gráficos, tablas
|
| 650 |
|
7 |
|a ESTADO
|2 toit
|
| 650 |
|
7 |
|a REFORMAS POLITICAS
|2 spines
|
| 650 |
|
7 |
|a ADMINISTRACION PUBLICA
|2 spines
|
| 650 |
|
7 |
|a DESCENTRALIZACION
|2 toit
|
| 651 |
|
7 |
|a ARGENTINA
|2 Spines
|
| 653 |
|
|
|a PRIVATIZACION
|
| 929 |
|
|
|j 15799
|
| 942 |
|
|
|c LIB
|n 0
|